000
00350pab a2200157 454500
008
180718b2012 xxu||||| |||| 00| 0 eng d
100
_a
Sunanda, Mary
245
_a
Need for greater reforms in ICDS
260
_c
2012
300
_a
p.35-38.
362
_a
Sep
650
_a
Child welfare
773
_a
Kurukshetra
908
_a
N
909
_a
97805
999
_c
97804
_d
97804